Computer organization and programming /
Guardado en:
| Autor Principal: | |
|---|---|
| Formato: | Libro |
| Idioma: | English |
| Publicado: |
New York :
McGraw-Hill,
c1974.
|
| Edición: | 2d ed. |
| Series: | McGraw-Hill computer science series
|
| Etiquetas: |
Agregar Etiqueta
Sin Etiquetas, Sea el primero en etiquetar este registro!
|
| LEADER | 00548cam a22001695 4500 | ||
|---|---|---|---|
| 001 | MAT.inmabb002053 | ||
| 008 | 730809s1974####nyua##########001#0#eng#d | ||
| 005 | 20170425151611.0 | ||
| 245 | 1 | 0 | |a Computer organization and programming / |c C. William Gear. |
| 250 | |a 2d ed. | ||
| 260 | |a New York : |b McGraw-Hill, |c c1974. | ||
| 300 | |a xiv, 455 p. : |b il. ; |c 24 cm. | ||
| 440 | 0 | |a McGraw-Hill computer science series | |
| 020 | |a 0070230765 | ||
| 100 | 1 | |a Gear, C. William |q (Charles William), |d 1935- | |
| 010 | |a 73013720 | ||
| 859 | |h 68 |i G292-2 |p A-3705 |b BIB. MATEMATICA | ||
